Pokémon de la Team Rocket - Mort Subite - Statistiques

Statistiques générales
  • Ce quiz a été pris 301 fois
    30 depuis la dernière actualisation
  • Le résultat moyen est 9 sur 20
Answers on the Grid
Answers color-coded by a green-red scale on the quiz's grid according to % correct below.
Miaouss
Qulbutoke
Seviper
Pitrouille
Papinox
Vortente
Cacnea
Arbok
Smogo
Mimiqui
Sepiatop
Vorastérie
Empiflor
Yanméga
Mime Jr.
Morpeko
Viskuse
Gaulet
Tutafeh
Chovsourir
Tritox
Mesmérella
Nostenfer
Balbuto
Chaffreux
Archéomire
Lampéroie
Baggiguane
Chacripan
Escroco
Lampignon
Roublenard
Cupcanaille
Astronelle
Dunaja
Poulpaf
 
Statistiques - réponses
Réponse % Correct
Miaouss
65%
Mime Jr.
60%
Qulbutoke
60%
Smogo
60%
Arbok
55%
Cacnea
55%
Seviper
55%
Empiflor
50%
Pitrouille
45%
Sepiatop
45%
Papinox
40%
Tutafeh
40%
Mimiqui
35%
Morpeko
35%
Vorastérie
35%
Vortente
35%
Yanméga
35%
Chovsourir
30%
Gaulet
25%
Viskuse
25%
Aucun quiz correspondant
Distribution des résultats
% des personnes avec chaque résultat
Percentile par nombre de réponses
Votre historique - résultats
Vous n’avez pas pris ce quiz depuis la dernière actualisation